Solo la noche

Saved in:
Bibliographic Details
Main Author: Fajardo, Miguel
Format: Book
Language:Undetermined
Published: San José, Costa Rica Ministerio de Educación Pública 1989
Subjects:
Tags: Add Tag
No Tags, Be the first to tag this record!

MARC

LEADER 00000nam a2200000Ia 4500
008 170316s9999 xx 000 0 und d
040 |a cru BVZT 
090 |a 868 F-1s 
100 |a Fajardo, Miguel 
245 |a Solo la noche 
260 |a San José, Costa Rica 
260 |b Ministerio de Educación Pública 
260 |c 1989 
300 |a 79 páginas 
650 |a LITERATURA COSTARRICENSE 
942 |c 15 D 
999 |c 11022  |d 11022